古代思想文化的世界 春秋时代的宗教, 伦理与社会思想 (Record no. 23644)
[ view plain ]
| 000 -LEADER | |
|---|---|
| fixed length control field | 00717nam a2200217Ia 4500 |
| 008 - FIXED-LENGTH DATA ELEMENTS--GENERAL INFORMATION | |
| fixed length control field | 200830s9999||||xx |||||||||||||| ||und|| |
| 020 ## - INTERNATIONAL STANDARD BOOK NUMBER | |
| International Standard Book Number | 7301280149 |
| 020 ## - INTERNATIONAL STANDARD BOOK NUMBER | |
| International Standard Book Number | 9787301280140 |
| 041 ## - LANGUAGE CODE | |
| Language code of text/sound track or separate title | chi |
| 050 ## - LIBRARY OF CONGRESS CALL NUMBER | |
| Classification number | BL1803 |
| Item number | .C44 2017 |
| 100 ## - MAIN ENTRY--PERSONAL NAME | |
| Personal name | 陈来 |
| 245 #0 - TITLE STATEMENT | |
| Title | 古代思想文化的世界 春秋时代的宗教, 伦理与社会思想 |
| Remainder of title | / |
| Statement of responsibility, etc. | 陈来 |
| 246 ## - VARYING FORM OF TITLE | |
| Title proper/short title | 古代思想文化的世界 春秋時代的宗教, 倫理與社會思想 |
| Remainder of title | / |
| 260 ## - PUBLICATION, DISTRIBUTION, ETC. | |
| Place of publication, distribution, etc. | 北京 : |
| Name of publisher, distributor, etc. | 北京师范大学出版社, |
| Date of publication, distribution, etc. | 2017 |
| 300 ## - PHYSICAL DESCRIPTION | |
| Extent | 443 p. |
| Other physical details | ; |
| Dimensions | 22 cm. |
| 490 ## - SERIES STATEMENT | |
| Series statement | 博雅英华·陈来著作集. |
| 650 ## - SUBJECT ADDED ENTRY--TOPICAL TERM | |
| Topical term or geographic name entry element | China -- Religion. |
| 650 ## - SUBJECT ADDED ENTRY--TOPICAL TERM | |
| Topical term or geographic name entry element | Ethics -- China. |
| 650 ## - SUBJECT ADDED ENTRY--TOPICAL TERM | |
| Topical term or geographic name entry element | Philosophy, Chinese -- To 221 B.C. |
| Withdrawn status | Lost status | Damaged status | Not for loan | Home library | Current library | Shelving location | Date acquired | Total Checkouts | Full call number | Barcode | Date last seen | Price effective from | Koha item type |
|---|---|---|---|---|---|---|---|---|---|---|---|---|---|
| GETS Theological Seminary Library | GETS Theological Seminary Library | General Stacks | 08/30/2020 | BL1803 .C44 2017 | 00011439 | 08/30/2020 | 08/30/2020 | Chinese Book |